00426nam a22001452 4500001001100000005001700011008004100028040001500069050001800084100003200102245006100134260003100195300001500226600003900241000000097020151217155806.0070222s xx 000 0 eng d aKABUcKABU 0aDT351b.S7F371 aFarwell, Byron.@000008168614aThe Man who presumed :ba biography of Henry M. Stanley. aLondon :bLongmans,c1957. aix, 334 p.10aStanley, Henry Morton.@0000148657